| 000 | 00572nam a2200229Ia 4500 | ||
|---|---|---|---|
| 003 | OSt | ||
| 005 | 20221005114240.0 | ||
| 006 | a|||||r|||| 00| 0 | ||
| 007 | ta | ||
| 008 | 221004b |||||||| |||| 00| 0 eng d | ||
| 024 | _a116320 | ||
| 037 | _cTextual | ||
| 040 |
_aCRL _cCRL _beng |
||
| 041 |
_2eng _aeng |
||
| 100 | _aJain Prem suman | ||
| 245 | 0 | _aApbransh kavya dhara | |
| 260 | _c1974 | ||
| 650 |
_aHINDI LITERATURE _923866 |
||
| 700 | _a Sharma Krishan Kumar | ||
| 942 |
_cTEXL _2cc |
||
| 999 |
_c1030750 _d1030750 |
||